000 00350pab a2200145 454500
008 180718b2001 xxu||||| |||| 00| 0 eng d
100 _aRifkin, Jeremy
245 _aGlobalisation and identity: cultures in collision
260 _c2001
300 _ap.10
362 _a3 Aug
650 _aGlobalization
773 _aDeccan Herald
909 _a50530
999 _c50530
_d50530